000 00538cam a2200157 a 4500
001 000007623
005 20240313182403.0
008 811117s1942 gw a 000 0 eng
040 _aDO-SdBNP
_bspa
_cBNPHU
082 _a923.9
_bC719G
100 1 _aGoldschmit Jentner, Rudolf Karl,
_d1890-
_921152
245 1 0 _aChristoph Columbus, der mann, die tat, die wirkung /
_cRudolf K. Goldschmit Jentner.
260 _aHamburg :
_bChristian Wegner Verlag,
_c1942.
300 _a361 p. :
_bil. ;
_c21 cm.
600 0 _aCOLÓN, CRISTOBAL,
_d1436-1456
_919795
999 _c7403
_d7403